Statistics for Languages by the word donkey

Click here to take the quiz!

General Stats

  • This quiz has been taken 15 times
    (7 since last reset)
  • The average score is 11 of 15

Answer Stats

HintAnswer% Correct
Chinese
100%
ΓάιδαροςGreek
100%
حمارArabic
86%
âneFrench
86%
EselGerman
86%
חמורHebrew
86%
당나귀Korean
86%
osiołPolish
86%
оселRussian
86%
åsnaSwedish
86%
ვირიGeorgian
71%
илжигMongol
57%
gomarAlbanian
29%
asnoFilipino
29%
dameerSomali
0%

Score Distribution

Percentile by Number Answered

Percent of People with Each Score

Your Score History

You have not taken this quiz since the last reset